Angola Country Quiz - Statistics

General Stats
  • This quiz has been taken 12 times
    10 since last reset
  • The average score is 9 of 17
Answer Stats
Hint Answer % Correct
Capital Luanda
100%
Independent Since 1975
83%
Borders Democratic Republic of the Congo
83%
Main Language Portuguese
83%
Borders Republic of the Congo
83%
Borders Zambia
83%
Number of Provinces 21
67%
Main Religion Christianity
67%
Borders Namibia
67%
Former Part of Portugal
50%
Global Firepower Rating (out of 145) 56
33%
Form of Government Republic
33%
Currency Kwanza
17%
Current Leader João Lourenço
0%
Tallest Mountain Mount Moco
0%
Main Export Petroleum
0%
Main Ally Vietnam
0%
No matching quizzes found
Score Distribution
Percent of People with Each Score
Percentile by Number Answered
Your Score History
You have not taken this quiz since the last reset